[Event "Titled Tue 27th May Late"]
[Site "chess.com INT"]
[Date "2025.05.27"]
[Round "6"]
[White "Dominguez, Ramiro"]
[Black "Przybylski, Wojciech"]
[Result "0-1"]
[WhiteTitle "FM"]
[BlackTitle "FM"]
[WhiteElo "2185"]
[BlackElo "2340"]
[WhiteFideId "4420055"]
[BlackFideId "1117599"]
[EventDate "2025.05.27"]

1. e4 c6 2. d4 d5 3. e5 c5 4. c3 Nc6 5. Be3 Bf5 6. Nf3 e6 7. Bd3 Bxd3 8. Qxd3 c4
9. Qc2 Nge7 10. Nbd2 b5 11. Nf1 b4 12. Ng3 a5 13. O-O a4 14. a3 b3 15. Qd2 Qd7
16. h4 h6 17. Nh2 O-O-O 18. f4 Nf5 19. Nxf5 exf5 20. Qe2 h5 21. Nf3 Be7 22. Ng5
Bxg5 23. fxg5 g6 24. Bf4 Qe6 25. Rae1 Kb7 26. Qf3 Rhe8 27. g3 Ka6 28. Re2 Kb5
29. Rfe1 Nb8 30. Kf2 Na6 31. Re3 Rd7 32. R3e2 Rde7 33. Re3 Nc7 34. R3e2 Rd8 35.
Re3 Rc8 36. R3e2 Ra8 37. Re3 Ra6 38. R3e2 Rb6 39. Re3 Rb8 40. R3e2 Rbe8 41. Re3
Qc6 42. R3e2 Ne6 43. Rd1 Rd7 44. Rdd2 Qb6 45. Re3 Rdd8 46. Ree2 Kc6 47. Re3 Kb7
48. Ree2 Ka6 49. Re3 Rd7 50. Ree2 Nc7 51. Re3 Re6 52. Rde2 Nb5 53. Re1 Rd8 54.
Qd1 Kb7 55. Qd2 Kc6 56. Rb1 Rde8 57. Re2 Qa7 58. Rbe1 Nc7 59. Rb1 Na8 60. Rbe1
Nb6 61. Rb1 Nd7 62. Rbe1 Qb6 63. Qe3 f6 64. Kg2 fxe5 65. dxe5 Qxe3 66. Rxe3 Nc5
67. R1e2 Ne4 68. Kf3 Kc5 69. Kg2 d4 70. cxd4+ Kxd4 71. Re1 Rxe5 72. Rd1+ Kc5 73.
Bxe5 Rxe5 74. Rd8 Rd5 75. Rc8+ Kb5 76. Re2 Rd2 77. Rxd2 Nxd2 78. Rb8+ Kc5 79.
Kf2 c3 80. bxc3 Kc4 81. Ke2 Kxc3 82. Rc8+ Nc4 83. Kd1 b2 84. Rxc4+ Kxc4 85. Kc2
b1=N 86. Kxb1 Kb3 87. Ka1 Kxa3 88. Kb1 Kb3 89. Ka1 Kc3 90. Ka2 Kd3 91. g4 fxg4 0-1

[Event "Titled Tue 27th May Late"]
[Site "chess.com INT"]
[Date "2025.05.27"]
[Round "6"]
[White "Sroczynski, Maciej"]
[Black "Brown, Akeem"]
[Result "0-1"]
[WhiteTitle "FM"]
[BlackTitle "CM"]
[WhiteElo "2236"]
[BlackElo "2055"]
[WhiteFideId "1121472"]
[BlackFideId "7402023"]
[EventDate "2025.05.27"]

1. e4 e5 2. Nf3 Nf6 3. Nxe5 d6 4. Nf3 Nxe4 5. Nc3 Nxc3 6. dxc3 Be7 7. Bf4 Nc6 8.
Qd2 Be6 9. O-O-O Qd7 10. Kb1 O-O-O 11. Bb5 a6 12. Ba4 b5 13. Bb3 Bf6 14. Bd5 Na5
15. Rhe1 Rde8 16. b3 Bxd5 17. Qxd5 Qc6 18. Qxc6 Nxc6 19. Bd2 Kd7 20. g4 h6 21.
h4 Ne5 22. Nxe5+ Rxe5 23. Rxe5 Bxe5 24. f4 Bf6 25. h5 Re8 26. Rg1 Re2 27. Kc1
Rh2 28. Rg3 Bh4 29. Rg1 Bf2 30. Rf1 c5 31. c4 bxc4 32. bxc4 Bd4 33. c3 Bf2 34.
g5 Bh4 35. gxh6 gxh6 36. Rg1 Bf6 37. Rg8 Rxh5 38. Ra8 Rh3 39. Kc2 h5 40. Rxa6 h4
41. Ra8 Rh2 42. Rg8 h3 43. a4 Rg2 44. Rxg2 hxg2 45. Be3 Bh4 46. Kd3 f5 47. Bg1
Bg3 48. Ke3 Be1 49. Kf3 Bxc3 50. Kxg2 Kc6 51. Kg3 d5 52. cxd5+ Kxd5 53. Kh4 Bf6+
54. Kh5 c4 55. Be3 Bd4 56. Bc1 c3 57. Kg6 Ke4 58. a5 c2 59. a6 Ba7 60. Kg5 Bb6
61. Kf6 Be3 62. Bxe3 Kxe3 63. a7 c1=Q 64. a8=Q Kxf4 65. Qa4+ Kf3 66. Kxf5 Qb1+
67. Ke6 Qe4+ 68. Kd6 Qxa4 0-1

[Event "Titled Tue 27th May Late"]
[Site "chess.com INT"]
[Date "2025.05.27"]
[Round "6"]
[White "Bagchi, Sounak"]
[Black "Wang, Daniel"]
[Result "1-0"]
[BlackTitle "CM"]
[WhiteElo "2030"]
[BlackElo "2030"]
[WhiteFideId "30970059"]
[BlackFideId "3238873"]
[EventDate "2025.05.27"]

1. e4 c5 2. d4 cxd4 3. c3 dxc3 4. Nxc3 g6 5. Nf3 Bg7 6. Bc4 Nc6 7. O-O d6 8. h3
Nf6 9. Re1 O-O 10. Qe2 Nd7 11. Bf4 Nde5 12. Bb3 Nxf3+ 13. Qxf3 Nd4 14. Qd1 Be6
15. Bd5 Bxd5 16. exd5 a6 17. Qd3 Rc8 18. Rac1 Re8 19. Rcd1 b5 20. Ne4 Qd7 21.
Ng5 h6 22. Nf3 Nxf3+ 23. Qxf3 Rc2 24. Re2 Rec8 25. Rde1 Rxe2 26. Qxe2 Re8 27. b3
g5 28. Bg3 Bf6 29. Qe4 Kg7 30. Rc1 Rc8 31. Rc6 Rxc6 32. dxc6 Qc7 33. Qd5 Qb6 34.
a4 bxa4 35. bxa4 Qc7 36. Qc4 Be5 37. Bxe5+ dxe5 38. Qxa6 e4 39. Qc4 Qe5 40. c7
e3 41. fxe3 Qxe3+ 42. Kh1 Qe1+ 43. Kh2 Qe5+ 44. Kg1 Qa1+ 45. Qf1 Qd4+ 46. Kh1
Qc5 47. Qa1+ f6 48. a5 Qxc7 49. a6 Qa7 50. Qa3 Kf7 51. Qb3+ e6 52. Qb7+ Qxb7 53.
axb7 f5 54. b8=Q Kg6 55. Qe5 Kf7 56. g4 f4 57. Kg2 Kg6 58. Kf3 Kf7 59. Ke4 h5
60. gxh5 Ke7 61. Qxg5+ Kf7 62. Kxf4 e5+ 63. Kxe5 Ke8 64. h6 Kf7 65. h7 Ke8 66.
h8=Q+ Kf7 67. Qgf6# 1-0

[Event "Titled Tue 27th May Late"]
[Site "chess.com INT"]
[Date "2025.05.27"]
[Round "6"]
[White "Carlsson, Ludvig"]
[Black "Pakleza, Zbigniew"]
[Result "1-0"]
[WhiteTitle "IM"]
[BlackTitle "GM"]
[WhiteElo "2374"]
[BlackElo "2484"]
[WhiteFideId "1727010"]
[BlackFideId "1119290"]
[EventDate "2025.05.27"]

1. Nf3 d6 2. d4 g6 3. e4 c6 4. h3 e6 5. a4 b6 6. Bd3 a6 7. O-O f6 8. c4 Ne7 9.
Nc3 h6 10. Re1 Bg7 11. Be3 O-O 12. b4 Nd7 13. Rc1 Bb7 14. Qd2 Kh7 15. d5 exd5
16. exd5 c5 17. Ne4 Ne5 18. Nxe5 fxe5 19. bxc5 bxc5 20. Rb1 Bc8 21. a5 Bf5 22.
Rb6 Nc8 23. Rb7 Ra7 24. Reb1 Rf7 25. Rxa7 Rxa7 26. g4 Bxe4 27. Bxe4 Ne7 28. Rb6
Qc7 29. Qb2 Bf6 30. Kg2 Kg7 31. Qd2 Ng8 32. Rc6 Qd7 33. Qb2 Ne7 34. Rb6 Bg5 35.
Bxg5 hxg5 36. Qd2 Kf6 37. f3 Nc8 38. Rc6 Ne7 39. Rb6 Nc8 40. Rb1 Rb7 41. Qc2 Ne7
42. Rb6 Rxb6 43. axb6 Qb7 44. Qb1 Kg7 45. Bc2 Nc8 46. Bxg6 Nxb6 47. Qf5 Qe7 48.
Bh5 Qf6 49. Qc2 Kf8 50. Qb3 Qd8 51. Qd3 Qf6 52. Qb3 Qd8 53. Kg3 a5 54. Qb5 a4
55. Bg6 a3 56. Qb3 Qa8 57. Bb1 Nd7 58. Qd3 Ke7 59. Qf5 Nf6 60. Qe6+ Kd8 61.
Qxf6+ Kc7 62. Qe7+ Kb6 63. Qxd6+ Ka5 64. Qxc5+ Ka6 65. Qb5+ Ka7 66. c5 1-0

[Event "Titled Tue 27th May Late"]
[Site "chess.com INT"]
[Date "2025.05.27"]
[Round "6"]
[White "Albertini, Luca"]
[Black "Reprintsev, Alexander"]
[Result "1-0"]
[BlackTitle "IM"]
[WhiteElo "2139"]
[BlackElo "2256"]
[WhiteFideId "847038"]
[BlackFideId "14100541"]
[EventDate "2025.05.27"]

1. d4 d5 2. c4 e5 3. dxe5 d4 4. Nf3 Nc6 5. Bf4 Nge7 6. e3 Ng6 7. Bg3 dxe3 8.
Qxd8+ Nxd8 9. fxe3 Bc5 10. Nc3 c6 11. e4 Bb4 12. Kd2 Ne6 13. a3 Ba5 14. b4 Bc7
15. c5 O-O 16. Bc4 Re8 17. h4 b6 18. h5 Ngf8 19. cxb6 axb6 20. Kc2 Ba6 21. b5
cxb5 22. Bxb5 Rec8 23. Kb2 Nc5 24. Bxa6 Rxa6 25. Rhd1 Nfe6 26. Nd4 Ng5 27. Nc6
Re8 28. Rd4 b5 29. Nb4 Na4+ 30. Nxa4 Rxa4 31. Rc1 Bb6 32. Rd6 Be3 33. Re1 Nxe4
34. Rd3 Nxg3 35. Rexe3 Nxh5 36. g3 g6 37. Kb3 Rea8 38. Kb2 Ng7 39. g4 Ne6 40.
Rd5 Rb8 41. Rc3 Kg7 42. Rc6 Nf4 43. Rd7 h5 44. e6 Rf8 45. e7 Re8 46. gxh5 Nxh5
47. Rc5 Nf6 48. Rb7 Raa8 49. Rcxb5 Rac8 50. Kb3 Rc1 51. a4 Rb1+ 52. Kc2 Re1 53.
a5 R1xe7 54. a6 Re2+ 55. Kc3 Rc8+ 56. Kb3 Re3+ 57. Kb2 Re2+ 58. Kb3 Re3+ 59. Ka4
Rc1 60. R5b6 Ra1+ 61. Kb5 Ne4 62. a7 Rea3 63. Na6 1-0

[Event "Titled Tue 27th May Late"]
[Site "chess.com INT"]
[Date "2025.05.27"]
[Round "6"]
[White "Rostomyan, Mikayel"]
[Black "Demchenko, Anton"]
[Result "1-0"]
[WhiteTitle "FM"]
[BlackTitle "GM"]
[WhiteElo "2325"]
[BlackElo "2619"]
[WhiteFideId "13313754"]
[BlackFideId "4160258"]
[EventDate "2025.05.27"]

1. d4 d5 2. c4 c5 3. dxc5 e6 4. cxd5 Bxc5 5. Nc3 Nf6 6. e3 exd5 7. Nf3 O-O 8.
Be2 Nc6 9. O-O a6 10. a3 Be6 11. b4 Bb6 12. Na4 Bc7 13. Bb2 Ne4 14. Rc1 Re8 15.
Nc5 Nxc5 16. Rxc5 Qd6 17. Qa1 f6 18. Rd1 Rad8 19. g3 Bb6 20. Rcc1 Bf7 21. Nd4
Ne5 22. Nb3 Qe7 23. Bd4 Bc7 24. Qb2 Nc4 25. Qa2 h5 26. Nd2 b5 27. Nxc4 dxc4 28.
Qc2 Qe6 29. Bf3 h4 30. Bc3 h3 31. Rxd8 Rxd8 32. Rd1 Rxd1+ 33. Qxd1 Qf5 34. Bg4
Qd3 35. Qxd3 cxd3 36. Bxh3 Be5 37. Bxe5 d2 38. Bg4 fxe5 39. Bd1 e4 40. f3 exf3
41. Kf2 Bd5 42. e4 Bxe4 43. Ke3 g5 44. Kxd2 g4 45. Ke3 Bd5 46. h3 gxh3 47. Bxf3
Be6 48. Kf2 Kg7 49. g4 Kf6 50. Kg3 Ke5 51. Kxh3 Kf4 52. Bd1 Bd7 53. Kh4 Be8 54.
g5 Bg6 55. Bh5 Be4 56. Bd1 Bg6 57. Bb3 Ke5 58. Kg4 1-0

[Event "Titled Tue 27th May Late"]
[Site "chess.com INT"]
[Date "2025.05.27"]
[Round "6"]
[White "Yanev, Tihomir"]
[Black "Martin Fuentes, Alberto"]
[Result "0-1"]
[WhiteTitle "IM"]
[BlackTitle "FM"]
[WhiteElo "2354"]
[BlackElo "2376"]
[WhiteFideId "2910110"]
[BlackFideId "2292289"]
[EventDate "2025.05.27"]

1. e4 e6 2. d4 d5 3. Nd2 Be7 4. Ngf3 Nf6 5. Bd3 c5 6. exd5 exd5 7. dxc5 Bxc5 8.
O-O O-O 9. h3 Nc6 10. Nb3 Bb6 11. Bf4 Ne4 12. c3 Qf6 13. Bh2 Re8 14. a4 a6 15.
a5 Ba7 16. Ra4 Bd7 17. Bc2 Bf5 18. Nfd4 Bg6 19. Qf3 Nxd4 20. Nxd4 Bxd4 21. Rxd4
Qxf3 22. gxf3 Ng5 23. Bd1 Rad8 24. h4 Ne6 25. Rd2 d4 26. Bb3 Nc5 27. Bc4 dxc3
28. Rxd8 Rxd8 29. bxc3 Bd3 30. Rd1 Rd7 31. Ba2 h5 32. Bf4 Bb5 33. Rxd7 Bxd7 34.
Be3 Nd3 35. Bd5 Bc6 36. Bxc6 bxc6 37. Kf1 f6 38. Ke2 Ne5 39. f4 Ng6 40. Kd3 Nxh4
41. Kc4 Ng2 42. Bc5 Nxf4 43. Bd6 Ne6 44. Kd3 f5 45. Ke3 g5 46. Kf3 Kf7 47. Ke3
h4 48. Kf3 g4+ 49. Kg2 Ke8 50. f3 Kd7 51. Be5 Nc5 52. Bf6 h3+ 53. Kg3 gxf3 54.
Kxf3 Ke6 55. Bd4 Nb3 56. Bg1 Nxa5 57. Kg3 Kd5 58. Kxh3 Kc4 59. Kg3 Kxc3 60. Kf4
Nc4 61. Kxf5 a5 62. Ke6 a4 63. Bc5 Na5 64. Kd6 Kc4 65. Ba3 Kb5 66. Bc1 a3 67.
Ke6 a2 68. Bb2 Nb3 69. Kd6 a1=Q 70. Bxa1 Nxa1 0-1

[Event "Titled Tue 27th May Late"]
[Site "chess.com INT"]
[Date "2025.05.27"]
[Round "6"]
[White "Clawitter, Craig"]
[Black "Garcia Hernandez, Rebeca"]
[Result "1/2-1/2"]
[BlackTitle "WCM"]
[WhiteElo "2050"]
[BlackElo "1903"]
[WhiteFideId "2023105"]
[BlackFideId "5180872"]
[EventDate "2025.05.27"]

1. e4 c5 2. Nf3 a6 3. c3 Nf6 4. e5 Nd5 5. d4 cxd4 6. Bc4 Nb6 7. Bb3 e6 8. cxd4
d6 9. O-O Nc6 10. Nc3 dxe5 11. dxe5 Qxd1 12. Rxd1 Be7 13. Be3 Nd7 14. Bf4 h6 15.
h3 g5 16. Bg3 h5 17. Ne4 g4 18. hxg4 hxg4 19. Nh2 Ndxe5 20. Nd6+ Kf8 21. Nc4
Nxc4 22. Bxc4 f5 23. Re1 Kf7 24. f3 Bh4 25. Bxh4 Rxh4 26. fxg4 fxg4 27. Re4 b5
28. Bb3 Na5 29. Nxg4 Nxb3 30. axb3 Ke7 31. Rc1 Bd7 32. Rc7 Rc8 33. Rxd7+ Kxd7
34. Ne5+ Kd6 35. Nf7+ Ke7 36. Rxh4 Kxf7 37. Rh7+ Kf6 38. Ra7 Rc1+ 39. Kh2 Rc2
40. Rxa6 Rxb2 41. Rb6 Rxb3 42. Kg1 Rb1+ 43. Kf2 b4 44. Ke3 b3 45. Kd2 b2 46. Kc2
Rg1 47. Kxb2 Rxg2+ 48. Kc3 Rg3+ 49. Kd4 Rg4+ 50. Ke3 Rg5 51. Rb8 Rf5 52. Ke2
Re5+ 53. Kf3 Rf5+ 54. Ke3 Re5+ 55. Kf2 Rf5+ 56. Ke1 Re5+ 57. Kd2 Rd5+ 58. Ke2 e5
59. Rb3 Kf5 60. Kf2 e4 61. Ke2 Ke5 62. Ra3 Rc5 63. Ke1 Rc2 64. Kf1 Kf4 65. Ke1
e3 66. Ra8 Rc1+ 67. Ke2 Rc2+ 68. Ke1 Ke4 69. Re8+ Kd3 70. Rd8+ Kc3 71. Rc8+ Kd3
72. Rxc2 Kxc2 73. Ke2 Kc3 74. Kxe3 1/2-1/2

[Event "Titled Tue 27th May Late"]
[Site "chess.com INT"]
[Date "2025.05.27"]
[Round "6"]
[White "Gasparyan, Erik R."]
[Black "Rasulov, Vugar"]
[Result "0-1"]
[WhiteTitle "IM"]
[BlackTitle "GM"]
[WhiteElo "2372"]
[BlackElo "2485"]
[WhiteFideId "13315730"]
[BlackFideId "13402390"]
[EventDate "2025.05.27"]

1. Nf3 d5 2. b3 Bf5 3. Bb2 e6 4. e3 Nf6 5. Nh4 Bg4 6. Be2 Bxe2 7. Qxe2 Bd6 8.
O-O Nbd7 9. d3 O-O 10. Nd2 Be5 11. Bxe5 Nxe5 12. d4 Ng6 13. Nxg6 hxg6 14. c4 a5
15. Rfc1 c6 16. h3 Qb6 17. Rab1 Rfe8 18. Nf3 Nd7 19. Qd2 Qb4 20. Rc2 Qxd2 21.
Rxd2 Kf8 22. Kf1 Ke7 23. Ke2 Kd6 24. Kd3 f6 25. e4 dxe4+ 26. Kxe4 Kc7 27. Kd3 a4
28. Re1 axb3 29. axb3 g5 30. Rde2 Nf8 31. Kc3 Red8 32. Rb2 Ra5 33. Rbe2 Rda8 34.
Nd2 Ra1 35. Rxa1 Rxa1 36. Ne4 b6 37. Ng3 Kd6 38. Nh5 Ra7 39. Ng3 Kd7 40. Ne4 Ng6
41. g3 Ne7 42. Nd2 Nf5 43. Re1 Ra2 44. Rd1 Ke7 45. Ne4 Nd6 46. Nxd6 Kxd6 47. Rf1
b5 48. Kb4 bxc4 49. bxc4 g6 50. Kc3 Ra3+ 51. Kd2 c5 52. dxc5+ Kxc5 53. Rc1 e5
54. Ke2 f5 55. Rd1 e4 56. Rd5+ Kxc4 57. Rd6 f4 58. gxf4 gxf4 59. Rxg6 Ra2+ 60.
Ke1 f3 61. Rd6 Kc5 62. Rd8 Re2+ 63. Kf1 Rb2 64. Kg1 Rb1+ 65. Kh2 e3 66. Rc8+ Kd6 0-1

[Event "Titled Tue 27th May Late"]
[Site "chess.com INT"]
[Date "2025.05.27"]
[Round "6"]
[White "Bian, Alex"]
[Black "Khodabandeh, Milad"]
[Result "1-0"]
[WhiteTitle "FM"]
[BlackTitle "CM"]
[WhiteElo "2342"]
[BlackElo "1957"]
[WhiteFideId "2056372"]
[BlackFideId "12538620"]
[EventDate "2025.05.27"]

1. e4 e5 2. Nf3 Nc6 3. d4 exd4 4. Bc4 Nf6 5. e5 d5 6. Bb5 Ne4 7. Nxd4 Bd7 8.
Bxc6 bxc6 9. O-O c5 10. Nb3 c6 11. f3 Ng5 12. Be3 Ne6 13. c3 Rb8 14. Qc2 Qb6 15.
f4 d4 16. Bf2 c4 17. N3d2 d3 18. Qc1 Qa6 19. Nf3 Be7 20. f5 Nc7 21. Nd4 c5 22.
Nf3 Bxf5 23. Nbd2 O-O 24. b3 Be6 25. Re1 Qb5 26. a4 Qa6 27. bxc4 Bxc4 28. Nxc4
Qxc4 29. Nd2 Qe6 30. Re4 Nd5 31. c4 Nb6 32. a5 Nd7 33. Bg3 Rfd8 34. Qc3 Nf8 35.
Rf1 Ng6 36. Nf3 Rb7 37. Nd2 Rbd7 38. h4 h5 39. Re3 Rd4 40. Ref3 Rf8 41. Nb3 Rg4
42. Rxd3 Bxh4 43. Bxh4 Nxh4 44. Rg3 Qg6 45. Rxg4 Qxg4 46. Qd2 Re8 47. Rf4 Qg5
48. Qf2 Rxe5 49. Rxf7 Kh7 50. Rf4 Ng6 51. Rf3 Re4 52. Nd2 Rd4 53. Nf1 Re4 54.
Kh2 Rh4+ 55. Rh3 Rxh3+ 56. gxh3 Nf4 57. Ng3 h4 58. Ne4 Qe5 59. Qxh4+ Kg8 60. Ng3
Ne2 61. Qd8+ Kh7 62. Qd3+ Kg8 63. Qxe2 1-0

[Event "Titled Tue 27th May Late"]
[Site "chess.com INT"]
[Date "2025.05.27"]
[Round "6"]
[White "Gimeno Martos, Roberto"]
[Black "Dilmukhametov, Artur"]
[Result "1-0"]
[WhiteTitle "CM"]
[BlackTitle "FM"]
[WhiteElo "2090"]
[BlackElo "2276"]
[WhiteFideId "2226804"]
[BlackFideId "24179922"]
[EventDate "2025.05.27"]

1. e4 d5 2. exd5 Qxd5 3. Nc3 Qe5+ 4. Qe2 Qxe2+ 5. Bxe2 Bd7 6. Bf3 Bc6 7. Bxc6+
Nxc6 8. a3 e5 9. Nge2 O-O-O 10. d3 f6 11. Be3 a6 12. O-O-O Nge7 13. d4 exd4 14.
Nxd4 Nxd4 15. Bxd4 Nc6 16. Be3 Bd6 17. h3 Be5 18. Ne2 Rxd1+ 19. Rxd1 Rd8 20.
Rxd8+ Kxd8 21. b3 Kd7 22. a4 Ke6 23. f4 Bd6 24. Kd2 Ne7 25. Nd4+ Kd7 26. Kd3 g6
27. c4 Bc5 28. Nc2 Bd6 29. Nd4 Bc5 30. Nc2 Bxe3 31. Nxe3 c6 32. g4 Ke6 33. Ke4
Nc8 34. c5 Ne7 35. Kd4 f5 36. g5 Nc8 37. b4 Ne7 38. a5 Ng8 39. Nc4 Ne7 40. Nd6
Nd5 41. Nxb7 Nxb4 42. Nd8+ Ke7 43. Nb7 Nd5 44. Ke5 Ne3 45. Nd6 Kd7 46. Nb7 Nc4+
47. Kd4 Nd2 48. Nd6 Nb3+ 49. Kc4 Nc1 50. Kd4 Ne2+ 51. Ke5 Ke7 52. Nc8+ Kd7 53.
Nd6 Nc3 54. Nc4 Nd5 55. Nb6+ Nxb6 56. cxb6 Kc8 57. Kd6 Kb7 58. Kc5 h5 59. gxh6
Kc8 60. h7 Kd7 61. h8=Q Ke6 62. Qe8+ Kf6 63. Qd8+ Kg7 64. Qd7+ Kh6 65. b7 g5 66.
b8=Q gxf4 67. Qf7 f3 68. Qbg8 f2 69. Qfh7# 1-0

[Event "Titled Tue 27th May Late"]
[Site "chess.com INT"]
[Date "2025.05.27"]
[Round "6"]
[White "Hernandez Bonilla, Amelia"]
[Black "Demchenko, Yaroslav"]
[Result "1/2-1/2"]
[WhiteTitle "WFM"]
[BlackTitle "CM"]
[WhiteElo "1976"]
[BlackElo "2286"]
[WhiteFideId "3900193"]
[BlackFideId "14186667"]
[EventDate "2025.05.27"]

1. d4 e6 2. Bf4 d5 3. e3 Bd6 4. Nd2 Nf6 5. Ngf3 O-O 6. Bd3 c5 7. c3 Qc7 8. Bg3
Nbd7 9. O-O e5 10. dxe5 Nxe5 11. Nxe5 Bxe5 12. Nf3 Bxg3 13. hxg3 Bg4 14. Qa4 a6
15. Rad1 b5 16. Qc2 Rfd8 17. Bf5 Bxf3 18. gxf3 g6 19. Bd3 h5 20. Kg2 Kg7 21. Rh1
Rac8 22. Rh4 Qe5 23. a4 d4 24. cxd4 cxd4 25. exd4 Qb8 26. Qb3 bxa4 27. Qxa4 Qxb2
28. Qxa6 Ra8 29. Qb5 Qc3 30. Qc4 Qb2 31. Qc2 Qb4 32. Be4 Rac8 33. Qd2 Qe7 34.
Bb1 Nd5 35. Re4 Qf6 36. Rde1 Rb8 37. Bc2 Rb2 38. Qc1 Ra2 39. Bb3 Raa8 40. Bxd5
Rxd5 41. Qc4 Rad8 42. Rf4 Qd6 43. Qe2 Rxd4 44. Rxd4 Qxd4 45. Qe5+ Qxe5 46. Rxe5
Kf6 47. Ra5 Rd2 48. f4 Rb2 49. Kf3 Rb3+ 50. Kg2 Ke6 51. Ra7 f6 52. Rg7 Kf5 53.
Ra7 h4 54. Ra5+ Kg4 55. Ra6 h3+ 56. Kh2 Rb2 57. Kg1 Rb1+ 58. Kh2 Rf1 59. Ra2 g5
60. fxg5 fxg5 61. Rb2 Kf3 62. Rb3+ Kxf2 63. Kxh3 Rc1 64. Kg4 Rc5 65. Ra3 Kg2 66.
Ra2+ Kf1 67. Kh3 Ke1 68. Kg4 Kf1 69. Rb2 Ke1 70. Rh2 Kf1 71. Rh5 Kf2 72. Rxg5
Rxg5+ 73. Kxg5 Kxg3 1/2-1/2

[Event "Titled Tue 27th May Late"]
[Site "chess.com INT"]
[Date "2025.05.27"]
[Round "6"]
[White "Naroditsky, Daniel"]
[Black "Martinez Alcantara, Jose Eduardo"]
[Result "0-1"]
[WhiteTitle "GM"]
[BlackTitle "GM"]
[WhiteElo "2619"]
[BlackElo "2611"]
[WhiteFideId "2026961"]
[BlackFideId "3805662"]
[EventDate "2025.05.27"]

1. d4 d5 2. c4 e6 3. Nc3 a6 4. e4 dxe4 5. Nxe4 Bb4+ 6. Nc3 c5 7. Nf3 cxd4 8.
Qxd4 Qxd4 9. Nxd4 Nf6 10. Bd2 O-O 11. Nc2 Be7 12. Be2 Bd7 13. O-O Nc6 14. Be3
Nb4 15. Nxb4 Bxb4 16. Bf3 Bxc3 17. bxc3 Bc6 18. Bxc6 bxc6 19. Rfd1 Ne4 20. f3
Nxc3 21. Rd3 Na4 22. Rb1 Rfb8 23. Rbb3 c5 24. Rxb8+ Rxb8 25. Ra3 Rb4 26. Rb3 h6
27. Kf2 Rxc4 28. Rb8+ Kh7 29. Rb7 Kg6 30. h4 Rc2+ 31. Kg3 h5 32. Kh3 Rc3 33. Bf4
Ra3 34. Be5 f6 35. Bd6 e5 36. Bf8 Kf5 37. Rxg7 e4 38. Kh2 exf3 39. gxf3 Rxf3 40.
Ra7 Ra3 41. Rxa6 Rxa2+ 42. Kg3 Nc3 43. Rxa2 Nxa2 44. Bxc5 Nc3 45. Be3 Ke4 46.
Bd2 Nd5 47. Kf2 f5 48. Bh6 Nf4 49. Kg3 Ng6 50. Bg5 f4+ 51. Kf2 Kf5 52. Kf3 Ne5+
53. Kf2 Kg4 54. Ke2 Ng6 55. Bf6 Nxh4 56. Kf2 Ng6 57. Bd4 Ne7 58. Bc5 Nf5 59. Ba7
h4 60. Kg2 h3+ 61. Kh2 Nh4 62. Bf2 Nf3+ 63. Kh1 Nd2 64. Be1 Nf1 65. Kg1 Kf3 66.
Bb4 Ke2 67. Bc5 f3 68. Kh1 Ne3 69. Bd6 f2 70. Kh2 f1=Q 71. Kg3 Qg2+ 72. Kf4 Qg4+
73. Ke5 h2 74. Kf6 h1=Q 75. Ke7 Qhe4+ 76. Kd8 Qa8+ 77. Kc7 Qgc8+ 78. Kb6 Qcc6# 0-1

[Event "Titled Tue 27th May Late"]
[Site "chess.com INT"]
[Date "2025.05.27"]
[Round "6"]
[White "Papasimakopoulos, Alexandros"]
[Black "Manolache, Marius"]
[Result "0-1"]
[WhiteTitle "IM"]
[BlackTitle "GM"]
[WhiteElo "2366"]
[BlackElo "2408"]
[WhiteFideId "4244125"]
[BlackFideId "1201530"]
[EventDate "2025.05.27"]

1. d4 Nf6 2. c4 d6 3. Nf3 g6 4. Nc3 Bf5 5. Nh4 Bg4 6. Qb3 Qc8 7. h3 Be6 8. g4
Bg7 9. Bg2 c6 10. Bf4 Nbd7 11. Bg3 Nb6 12. d5 cxd5 13. cxd5 Bd7 14. Rc1 O-O 15.
O-O Qc4 16. e4 Rfc8 17. Rfd1 Ne8 18. Bf1 Qxb3 19. axb3 Nc7 20. Nf3 Na6 21. e5
Nc5 22. Bc4 Nxc4 23. bxc4 Nb3 24. Rc2 Rxc4 25. exd6 exd6 26. Bxd6 Rac8 27. Ne5
Bxe5 28. Bxe5 Nc5 29. Re2 Re8 30. Bf6 Rxe2 31. Nxe2 Ne4 32. Bd4 f5 33. f3 Nd6
34. Bxa7 Rc2 35. Nf4 Rxb2 36. Bd4 Rb3 37. Kg2 Nb5 38. Be5 Kf7 39. Rc1 Re3 40.
Bb8 g5 41. Nh5 f4 42. h4 h6 43. hxg5 hxg5 44. Nxf4 gxf4 45. Bxf4 Rd3 46. Rc5 b6
47. Rc1 Rxd5 48. Rb1 Rd3 49. Kf2 Bc6 50. Be3 Ke7 51. Ke2 Rc3 52. Kf2 Kd7 53.
Bxb6 Rxf3+ 54. Ke2 Rg3 55. Be3 Rxg4 56. Rg1 Ra4 57. Rg7+ Ke6 58. Rh7 Be4 59.
Rh6+ Kf7 60. Bd2 Ra2 61. Ke3 Bg6 62. Bb4 Nc7 63. Rh8 Nd5+ 64. Kd4 Nxb4 65. Kc5
Nd3+ 66. Kd4 Ra4+ 67. Ke3 Ne5 68. Rb8 Kf6 69. Rf8+ Kg5 70. Rb8 Ra3+ 71. Kd4 Nc6+
72. Kc5 Nxb8 73. Kd6 Kf6 74. Kc7 Ke7 75. Kb6 Kd6 76. Kb7 Rc3 77. Ka8 Rb3 78. Ka7
Bf5 79. Ka8 Be4+ 80. Ka7 Rb7+ 81. Ka8 Rc7+ 82. Kxb8 Rb7+ 83. Ka8 Rb1+ 84. Ka7
Bg6 85. Ka6 Kc5 86. Ka5 Ra1# 0-1

[Event "Titled Tue 27th May Late"]
[Site "chess.com INT"]
[Date "2025.05.27"]
[Round "6"]
[White "Pyrih, Roman"]
[Black "Sjugirov, Sanan"]
[Result "0-1"]
[WhiteTitle "FM"]
[BlackTitle "GM"]
[WhiteElo "2429"]
[BlackElo "2638"]
[WhiteFideId "14179156"]
[BlackFideId "4189302"]
[EventDate "2025.05.27"]

1. e4 c5 2. Nf3 Nc6 3. Bb5 g6 4. O-O Bg7 5. Bxc6 dxc6 6. d3 Nf6 7. Be3 b6 8. Nc3
h6 9. h3 g5 10. Nh2 Be6 11. Ne2 Nh5 12. Qc1 Qc7 13. f4 gxf4 14. Nxf4 Nxf4 15.
Bxf4 Be5 16. Bxe5 Qxe5 17. Nf3 Qg3 18. Qe1 Qg7 19. Qc3 Qxc3 20. bxc3 Rg8 21. Kh2
f6 22. Nh4 Rg5 23. a4 Kd7 24. a5 b5 25. Rf2 Rag8 26. Nf5 Bxf5 27. exf5 h5 28.
Re1 a6 29. Re4 R8g7 30. Rh4 Kd6 31. Re4 Kd7 32. Re3 h4 33. Re4 Rh7 34. Ref4 Rhh5
35. R2f3 Kd6 36. Rf2 Kd7 37. R2f3 Ke8 38. Rf2 Kf7 39. R2f3 Rg8 40. Rf2 Rd8 41.
Kg1 Rd5 42. Kf1 Re5 43. R2f3 Ke8 44. Kf2 Kd7 45. Kf1 Kd6 46. Kf2 c4 47. d4 Rd5
48. Ke3 c5 49. Ke4 cxd4 50. cxd4 b4 51. Rg4 Rh8 52. Rff4 b3 53. cxb3 cxb3 54.
Rf1 Rb8 55. Rb1 Rxa5 56. Kd3 b2 57. Kc2 Rxf5 58. Rxh4 Rf2+ 59. Kc3 Rxg2 60. Rh5
Rg3+ 61. Kc2 Rg2+ 62. Kc3 Rb5 63. Rh8 a5 64. Ra8 Rg3+ 65. Kc2 Rxh3 66. Rd8+ Ke6
67. Ra8 Kf7 68. Ra7 Rh2+ 69. Kc3 Rh3+ 70. Kc4 Rb4+ 71. Kc5 Rc3+ 72. Kd5 Rc1 73.
Rxb2 Rxb2 74. Rxa5 Re2 75. Ra7 Rc8 76. Rc7 Rd8+ 77. Kc5 Rc2+ 0-1

[Event "Titled Tue 27th May Late"]
[Site "chess.com INT"]
[Date "2025.05.27"]
[Round "6"]
[White "Tahbaz, Arash"]
[Black "Sarana, Alexey"]
[Result "0-1"]
[WhiteTitle "IM"]
[BlackTitle "GM"]
[WhiteElo "2462"]
[BlackElo "2686"]
[WhiteFideId "12528846"]
[BlackFideId "24133795"]
[EventDate "2025.05.27"]

1. Nf3 d5 2. g3 c6 3. Bg2 Bf5 4. O-O Nd7 5. d3 e5 6. e4 dxe4 7. Nh4 Be6 8. dxe4
Ngf6 9. Nc3 Bb4 10. Nf5 O-O 11. Qf3 Qa5 12. Bd2 Qb6 13. a3 Bxc3 14. Bxc3 Rad8
15. g4 Bxf5 16. gxf5 Rfe8 17. Kh1 Nc5 18. Rae1 Na4 19. b3 Nxc3 20. Qxc3 Qd4 21.
Qg3 Qd2 22. Rc1 Nh5 23. Qf3 Nf4 24. Rfe1 Qa5 25. b4 Qc7 26. Qe3 b6 27. Bf3 Qe7
28. Rg1 Rd6 29. Rg4 Red8 30. Rcg1 g6 31. Be2 Kh8 32. Bc4 Rd4 33. Bb3 c5 34. bxc5
bxc5 35. fxg6 fxg6 36. Bd5 Nxd5 37. exd5 Rxg4 38. Rxg4 Rxd5 39. Kg1 Qd7 40. Re4
Qf5 41. Kg2 Kg7 42. h3 Kf6 43. Ra4 Qd7 44. Qf3+ Kg7 45. Rxa7 Qxa7 46. Qxd5 Qxa3
47. Qxe5+ Kh6 48. c3 Qa8+ 49. Kg3 Qc8 50. c4 Qc6 51. h4 Qb6 52. Kg4 Qa7 53. Qd6
Kg7 54. h5 gxh5+ 55. Kxh5 Qf7+ 56. Kg5 Qxf2 57. Qe5+ Kg8 58. Qd5+ Kf8 59. Qd6+
Kg7 60. Qe5+ Kg8 61. Qd5+ Kf8 62. Qd8+ Kg7 63. Qe7+ Kg8 64. Qe6+ Qf7 65. Qc8+
Qf8 66. Qe6+ Kh8 67. Kh5 Kg7 68. Qe5+ Kg8 69. Qe6+ Qf7+ 70. Qxf7+ Kxf7 71. Kh6
Ke6 72. Kxh7 Ke5 0-1